000 00879nas a2200277 4500
001 BR2011005285
003 BR-BrBNA
005 20231205115603.0
007 ta
008 230509b bl.|||p| |||| 00| 00por d
040 _aBR-BrBNA
_bpor
_cBiblioteca Nacional de Agricultura
041 _a(Pt)
072 _aQ04
100 1 _aAbreu, R.L. de
100 1 _aGodoy, R.L. de O.
100 1 _aSantos, I.F. dos
100 1 _aPacheco, S.
100 1 _aSouza, R.S. de
245 1 _aComparação da carne de javali (Sus scrofa scrofa)em relação à de outras espécies no que tange a hidroxiprolina
650 _aCARNE
650 _aJAVALI
650 _aCROMATOGRAFIA
773 0 _tRevista Brasileira de Medicina Veterinária (Brazil)
_xISSN 0100-2430
_g(Jan-Mar 2011), v. 33(1) p. 58-60
_wBR2011005285
909 _a202311
_bLúcia
_c55
_dLúcia Elande
942 _2AGRIS
_n0
_cANA
999 _c214631
_d214631